01764nam a2200421Ii 450000100060000000300080000600500170001400600190003100700150005000800410006502000330010602000270013903500230016604000310018904300120022005000260023208000200025808200180027810000400029624501230033624600570045925000480051626400400056430000250060433600310062933700330066033800430069349000300073650400420076658800830080860000270089165000510091865100430096965500270101277601750103983000650121485600630127938187FINmELB20241216221548.0m o u cr cn|||||||||230105s2022 sp ob 000 0 spa d a9788491809579qelectrónico z9788491809562qimpreso a(OCoLC) 1363112250 aFINmELBbspaerdacFINmELB an-us---14aE840.8.B54bG373 2022 a328(73)-057.34104a328.730922231 aGarcía-Ajofrín, Isabel,eautor.10aJoe Biden, el último en pie :bla selección del presidente de Estados Unidos en 2020 /cIsabel García-Ajofrín.30aSelección del presidente de Estados Unidos en 2020 aPrimera edición en formato digital (PDF). 1aBarcelona :bEditorial UOC,c[2022] a1 recurso en línea atextobtxt2rdacontent/spa acomputadorabc2rdamedia/spa arecurso en líneabcr2rdacarrier/spa1 aComunicación política aIncluye referencias bibliográficas. aDescripción basada en metadatos suministrados por el editor y otras fuentes.14aBiden, Joseph R.,cJr. 4aPresidenteszEstados UnidosxEleccionesy2020. 4aEstados UnidosxPolítica y gobierno. 4aLibros electrónicos.08iVersión impresa:aGarcía-Ajofrín, Isabel.tJoe Biden, el último en pie.bPrimera edición en lengua castellana.dBarcelona : Editorial UOC, [2022]z9788491809562 0aManuales (Editorial UOC).pComunicación política ;v715.40uhttps://elibro.net/ereader/politecnicointernacional/219785